Introduction to non-linear dynamics / (Record no. 41380)
[ view plain ]
| 000 -LEADER | |
|---|---|
| fixed length control field | 00700nam a22002057a 4500 |
| 005 - DATE AND TIME OF LATEST TRANSACTION | |
| control field | 20100812143115.0 |
| 010 ## - LCCN (DPL NO) | |
| LC control number | ENG-99962 |
| 020 ## - INTERNATIONAL STANDARD BOOK NUMBER | |
| International Standard Book Number | 9789350010839 |
| Terms of availability | 100.00 |
| 035 ## - SYSTEM CONTROL NUMBER | |
| System control number | EN-83494 |
| 037 ## - SOURCE OF ACQUISITION | |
| Source of stock number/acquisition | DBAD/PUB |
| 082 ## - DEWEY DECIMAL CLASSIFICATION NUMBER | |
| Classification number | 629.836 |
| 100 ## - MAIN ENTRY--PERSONAL NAME | |
| Personal name | Kandiban, G |
| 245 ## - TITLE STATEMENT | |
| Title | Introduction to non-linear dynamics / |
| Statement of responsibility, etc | by G. Kandiban |
| 260 ## - PUBLICATION, DISTRIBUTION, ETC. (IMPRINT) | |
| Place of publication, distribution, etc | Perambalur |
| Name of publisher, distributor, etc | Mercury Publishers |
| Date of publication, distribution, etc | 2008 |
| 270 ## - ADDRESS | |
| City | Perambalur |
| Postal code | 621212 |
| 300 ## - PHYSICAL DESCRIPTION | |
| Extent | 169p.: |
| Other physical details | ill. |
| Dimensions | 25cm (pbk) |
| 650 ## - SUBJECT ADDED ENTRY--TOPICAL TERM | |
| Topical term or geographic name as entry element | System Analysis |
| 942 ## - ADDED ENTRY ELEMENTS (KOHA) | |
| Source of classification or shelving scheme | Dewey Decimal Classification |
| Item type | English Books |
| Classification part | 629.836 |
| Call number suffix | KAN |
| Withdrawn status | Lost status | Not for loan | Collection code | Home library | Current library | Date acquired | Source of acquisition | Cost, normal purchase price | Full call number | Barcode | Copy number | Cost, replacement price | Koha item type |
|---|---|---|---|---|---|---|---|---|---|---|---|---|---|
| Not For Loan | Non-fiction | D.B.Act.Division | D.B.Act.Division | 12/08/2010 | DBAD/PUB | 100.00 | 629.836 KAN | EN-83494 | 1 | 100.00 | English Books |
